Počiatky inštitucionalizovanej sociológie náboženstva a prvý reprezentatívny výskumu religiozity obyvateľov Slovenska

Výskum, ktorý bol realizovaný v existencii režimu, ktorý vytláčal náboženstvo do súkromnej sféry a vynechával jeho zisťovania zo sčítaní obyvateľov. Skúmanie dynamiky sekularizácie, ale aj náboženskej reprodukcie. Dejiny slovenskej sociológie, predovšetkým reflexia etablovania sa a neskoršieho takme...

Ausführliche Beschreibung

Gespeichert in:
Bibliographische Detailangaben
1. Verfasser: Tížik, Miroslav
Format: Buchkapitel
Sprache:Slowakisch
Schlagworte:
Tags: Tag hinzufügen
Keine Tags, Fügen Sie das erste Tag hinzu!

MARC

LEADER 00000naa a2200000 4500
001 0224494
005 20221104112405.1
041 0 |a slo 
044 |a SK 
245 1 0 |a Počiatky inštitucionalizovanej sociológie náboženstva a prvý reprezentatívny výskumu religiozity obyvateľov Slovenska  |c Miroslav Tížik 
520 |a Výskum, ktorý bol realizovaný v existencii režimu, ktorý vytláčal náboženstvo do súkromnej sféry a vynechával jeho zisťovania zo sčítaní obyvateľov. Skúmanie dynamiky sekularizácie, ale aj náboženskej reprodukcie. Dejiny slovenskej sociológie, predovšetkým reflexia etablovania sa a neskoršieho takmer zmiznutia sociológie náboženstva na Slovensku. 
610 2 0 |a sociológia 
610 2 0 |a dejiny 
610 2 0 |a kategórie sociologické 
610 2 0 |a generácie 
610 2 0 |a výskum sociologický 
610 2 0 |a náboženstvo 
610 2 0 |a religiozita 
610 2 0 |a Slovensko 
100 1 |a Tížik, Miroslav